Normal view
MARC view
- NATION,RICHARD N
Entry Personal Name
001 - CONTROL NUMBER
- control field: 131685
003 - CONTROL NUMBER IDENTIFIER
- control field: NUST
005 - DATE AND TIME OF LATEST TRANSACTION
- control field: 20251103102252.0
008 - FIXED-LENGTH DATA ELEMENTS
- fixed length control field: 251103|| aca||aabn | a|a d
040 ## - CATALOGING SOURCE
- Original cataloging agency: NUST
- Transcribing agency: NUST
100 ## - HEADING--PERSONAL NAME
- Personal name: NATION,RICHARD N
670 ## - SOURCE DATA FOUND
- Source citation: Work cat.: (NUST): NATION,RICHARD N., College Algebra /, 1990.
